Prueba de Santiago del Estero - Estadísticas

Estadísticas generales
  • Esta prueba ha sido intentada 10 veces
  • La puntuación promedio es 8 de 14
Estadísticas de respuestas
Pregunta Respuesta % Correcto
Este río es muy conocido por sus termas Río Hondo
89%
Capital Santiago del Estero
89%
Gentilicio Santiagueño
89%
En 2023, Ramón Carrillo, ex-ministro de Salud, entró en circulación de este billete 2.000 pesos
78%
Apellido de la familia-banda folclórica de La Telesita y Vamos a andar la noche Carabajal
78%
Apodo de la capital {Madre} de Ciudades
78%
Misionera y fundadora de las Hijas del Divino Salvador que fue canonizada en 2024 Mama Antula
78%
Este idioma regional tiene unos 300.000 hablantes Quichua
78%
Su estadio de fútbol cuyo nombre lleva ese apodo Estadio {Único}
44%
Este carnívoro félido es autóctono en ese parque Yaguareté
44%
Este parque nacional se ubica en el extremo noreste de la provincia Parque nacional Copo
33%
Este futbolista tuvo el apodo Loco René Houseman
33%
Jugador de baloncesto que jugó por Oklahoma City Thunder entre 2021 y 2022 Gabriel Deck
22%
Departamento donde se ubica la capital, nombrado por un militar Juan Francisco Borges
11%
No se encontraron pruebas coincidentes
Distribución de puntuación
Porcentaje de gente con cada puntuación
Porcentaje por número respondido
Historial de tus puntuaciones
No has intentado esta prueba.